000
00335nam a22001457a 4500
008
230921b ||||| |||| 00| 0 eng d
020
_a
0122266900
041
_a
eng
080
_a
521
082
_a
521MEY
100
_a
19
101
_a
ASTRO
245
_a
ENCYCLOPEDIA OF ASTRONOMY AND ASTROPHYSICS
_c
MEYERS .A.R
942
_2
udc
_c
BK
999
_c
60387
_d
60387